|
|
|
|
| LEADER |
02289nam a2200337 a 4500 |
| 001 |
16947 |
| 003 |
BD-DhAAL |
| 008 |
100511s2008 nyua b 001 0 eng d |
| 010 |
|
|
|a \\2007006188
|
| 020 |
|
|
|a 0716743663
|
| 020 |
|
|
|a 9780716743668
|
| 020 |
|
|
|a 0716776014
|
| 020 |
|
|
|a 9780716776017
|
| 040 |
|
|
|a DLC
|c DLC
|d BAKER
|d BTCTA
|d C#P
|d YDXCP
|d COU
|d VAM
|d UPP
|d DLC
|d BD-DhAAL
|
| 082 |
0 |
0 |
|a 571.6
|2 22
|
| 245 |
0 |
0 |
|a Molecular cell biology /
|c Harvey Lodish ... [et al.].
|
| 250 |
|
|
|a Sixth edition.
|
| 260 |
|
|
|a New York :
|b W.H. Freeman,
|c c2008.
|
| 300 |
|
|
|a 1 v. (various pagings) :
|b ill. (some col.) ;
|c 29 cm
|
| 504 |
|
|
|a Includes bibliographical references and index.
|
| 526 |
|
|
|a MNS
|x Professor Naiyyum Choudhury
Department of Mathematics and Natural Sciences
BRAC University ;
|x Fardousi Ara Begum
Assistant Professor
Department of Mathematics and Natural Sciences
BRAC University
Course Name : Gene Function and Regulation (BTC 513)
|
| 541 |
1 |
|
|e 0016947, 0021447, 0021448
|a Essence Science Publications, Karim International
|
| 650 |
|
0 |
|a Cytology.
|
| 650 |
|
0 |
|a Molecular biology.
|
| 700 |
1 |
|
|a Lodish, Harvey F.
|9 57830
|
| 852 |
4 |
|
|a Ayesha Abed Library
|c General Stacks
|
| 942 |
|
|
|2 ddc
|c BK
|
| 999 |
|
|
|c 8515
|d 8515
|
| 952 |
|
|
|0 0
|1 0
|2 ddc
|4 0
|6 571_600000000000000_MOL_2008
|7 0
|9 10040
|a BRACUL
|b BRACUL
|c GEN
|d 2010-05-11
|e Essence Science Publications
|g 6467.00
|l 14
|m 148
|o 571.6 MOL
|p 3010016947
|r 2025-07-05
|s 2025-06-29
|t 1
|w 2010-05-11
|y BK
|x Requisitioned by Professor Naiyyum Choudhury.
|
| 952 |
|
|
|0 0
|1 0
|2 ddc
|4 0
|6 571_600000000000000_MOL_2008
|7 0
|9 13205
|a BRACUL
|b BRACUL
|c GEN
|d 2010-11-08
|e Karim International
|g 5900.00
|l 17
|m 93
|o 571.6 MOL
|p 3010021447
|r 2025-08-11
|s 2025-08-07
|t 2
|v 11800.00
|w 2010-11-08
|y BK
|x Requisitioned by Fardousi Ara Begum (Assistant Professor, Department of Mathematics and Natural Sciences, BRAC University) for the course named- 'Gene Function and Regulation (BTC 513)'
|
| 952 |
|
|
|0 0
|1 0
|2 ddc
|4 0
|6 571_600000000000000_MOL_2008
|7 0
|9 13206
|a BRACUL
|b BRACUL
|c GEN
|d 2010-11-08
|e Karim International
|g 5900.00
|l 15
|m 109
|o 571.6 MOL
|p 3010021448
|r 2026-02-17
|s 2026-02-03
|t 3
|v 11800.00
|w 2010-11-08
|y BK
|x Requisitioned by Fardousi Ara Begum (Assistant Professor, Department of Mathematics and Natural Sciences, BRAC University) for the course named- 'Gene Function and Regulation (BTC 513)'
|